Historia Medieval de España (III) - Estadísticas

Estadísticas generales
  • Esta prueba ha sido intentada 29 veces
    27 desde el último reinicio
  • La puntuación promedio es 11 de 31
Estadísticas de respuestas
Pregunta Respuesta % Correcto
Labor repobladora en Teruel y Albarracín 1172
100%
Alfonso I el Batallador 1104-1134
67%
Reinado en solitario de Urraca, como tutora de Alfonso 1114-1126
67%
Acuerdo de Támara entre Alfonso VII y Alfonso I el Batallador 1127
67%
Ramón Berenguer IV conde de Barcelona, Gerona, Osona y Cerdaña, y princeps de Aragón 1131-1162
67%
Tratado de Zamora 1143
67%
Alfonso VIII de Castilla 1158-1214
67%
Alfonso II de Aragón 1162-1196
67%
Batalla de las Navas de Tolosa 1212
67%
Batalla de Uclés 1108
33%
Fallido matrimonio entre Urraca y Alfonso I el Batallador 1109-1114
33%
Conquista almorávide de Zaragoza 1110
33%
Conquista de Zaragoza por Alfonso I 1118
33%
Ramiro II de Aragón, el Monje 1134-1137
33%
García Ramírez el Restaurador, del Reino de Navarra 1134-1150
33%
Conquista de Lérida 1145
33%
Conquista de Tortosa 1148
33%
Sancho III de Castilla 1157-1158
33%
Fundación de la Orden Militar de Calatrava 1158
33%
Alfonso IX de León 1188-1230
33%
Pedro II de Aragón "el Católico" 1196-1214
33%
Batalla de Muret 1213
33%
Conquistas de Mérida, Badajoz y Elvas 1230
33%
Muerte de Raimundo de Borgoña 1107
0%
Alfonso VII de León 1126-1157
0%
Batalla de Ourique 1139
0%
Conquistas de Calatrava y Almería 1147
0%
Fernando II de León 1157-1188
0%
Conquista de Cuenca 1178
0%
Cerro de Alarcos 1195
0%
Conquista de Cáceres 1229
0%
No se encontraron pruebas coincidentes
Distribución de puntuación
Porcentaje de gente con cada puntuación
Porcentaje por número respondido
Historial de tus puntuaciones
No has intentado esta prueba desde el último reinicio